[Event "Titled Tuesday intern op 07th May Early"]
[Site "Chess.com INT"]
[Date "2024.05.07"]
[Round "2"]
[White "Parfenov, Viktor N"]
[Black "Pitzanti, Matteo"]
[Result "0-1"]
[WhiteElo "2193"]
[BlackElo "2217"]
[PlyCount "46"]
[EventDate "2024.05.07"]
[EventType "swiss (blitz)"]
[EventRounds "11"]
[EventCountry "USA"]
[SourceTitle "EXT 2025"]
[Source "ChessBase"]
[SourceDate "2024.10.14"]
[SourceVersion "1"]
[SourceVersionDate "2024.10.14"]
[SourceQuality "1"]

1. e4 c6 2. d4 d5 3. e5 c5 4. dxc5 e6 5. a3 Bxc5 6. b4 Be7 7. Nf3 a5 8. b5 Nd7 9. Bd3 Qc7 10. Bb2 Nh6 11. 0-0 0-0 12. Re1 f6 13. exf6 Bxf6 14. Bxf6 Nxf6 15. c4 Nf7 16. Qc2 Qf4 17. Nbd2 Bd7 18. c5 Rac8 19. Rac1 e5 20. g3 Qh6 21. Nxe5 Nxe5 22. Rxe5 Ng4 23. Rf5 Qxh2+ 0-1

[Event "Titled Tuesday intern op 07th May Early"]
[Site "Chess.com INT"]
[Date "2024.05.07"]
[Round "3"]
[White "Pitzanti, Matteo"]
[Black "Dvirnyy, Danyyil"]
[Result "0-1"]
[WhiteElo "2217"]
[BlackElo "2492"]
[PlyCount "98"]
[EventDate "2024.05.07"]
[EventType "swiss (blitz)"]
[EventRounds "11"]
[EventCountry "USA"]
[SourceTitle "EXT 2025"]
[Source "ChessBase"]
[SourceDate "2024.10.14"]
[SourceVersion "1"]
[SourceVersionDate "2024.10.14"]
[SourceQuality "1"]

1. e4 c6 2. Nf3 d5 3. Nc3 g6 4. exd5 cxd5 5. Bb5+ Nc6 6. 0-0 Bg7 7. Re1 Nf6 8. Ne5 Bd7 9. Nxd7 Qxd7 10. d4 0-0 11. Bg5 e6 12. Ne2 Ne4 13. Be3 a6 14. Bd3 Nd6 15. c3 b5 16. h4 b4 17. h5 bxc3 18. bxc3 e5 19. dxe5 Nxe5 20. Nf4 Ne4 21. Rc1 Rad8 22. Bd4 Ng4 23. Bxe4 dxe4 24. Bxg7 Qxd1 25. Rcxd1 Rxd1 26. Rxd1 Kxg7 27. c4 Rc8 28. Rc1 Rc5 29. hxg6 hxg6 30. Kf1 Ne5 31. Nd5 Nxc4 32. Ke2 Rxd5 33. Rxc4 Ra5 34. a4 f5 35. f4 Rd5 36. g4 fxg4 37. Rxe4 Kf6 38. Rb4 Kf5 39. Kf2 Rd2+ 40. Kg3 Rd3+ 41. Kg2 Ra3 42. Kf2 g5 43. fxg5 Kxg5 44. Rc4 Kh4 45. Kg2 Ra2+ 46. Kg1 Kh3 47. Rc8 Rxa4 48. Rh8+ Kg3 49. Rc8 Ra1+ 0-1

[Event "Titled Tuesday intern op 07th May Early"]
[Site "Chess.com INT"]
[Date "2024.05.07"]
[Round "1"]
[White "Pitzanti, Matteo"]
[Black "Melikhov, Evgeny V"]
[Result "1-0"]
[WhiteElo "2217"]
[BlackElo "2179"]
[PlyCount "83"]
[EventDate "2024.05.07"]
[EventType "swiss (blitz)"]
[EventRounds "11"]
[EventCountry "USA"]
[SourceTitle "EXT 2025"]
[Source "ChessBase"]
[SourceDate "2024.10.14"]
[SourceVersion "1"]
[SourceVersionDate "2024.10.14"]
[SourceQuality "1"]

1. e4 e5 2. Nf3 Nc6 3. Bc4 Nf6 4. d3 Be7 5. c3 0-0 6. 0-0 d5 7. exd5 Nxd5 8. Nbd2 Kh8 9. Re1 f6 10. Nf1 a6 11. a4 Na5 12. Ba2 c5 13. Ng3 Nc6 14. h3 b5 15. Bxd5 Qxd5 16. axb5 Nb8 17. d4 cxd4 18. cxd4 axb5 19. Rxa8 Qxa8 20. dxe5 fxe5 21. Nxe5 Bb7 22. Qh5 Kg8 23. Nf5 Bf6 24. Ng4 Nd7 25. Nxf6+ Nxf6 26. Qg5 g6 27. Re7 Bxg2 28. Nh6+ Kh8 29. Nf7+ Kg7 30. Ne5+ Kg8 31. Nxg6 Ne4 32. Qh6 Rf7 33. Rxf7 Kxf7 34. Qxh7+ Kf6 35. Nf4 Nd6 36. Qg6+ Ke5 37. Qxg2 Qa1 38. Kh2 Ne4 39. Nd3+ Kd4 40. Qf3 Qb1 41. Qe3+ Kd5 42. Nf4+ 1-0

[Event "Zuerich op-A 41st"]
[Site "Zuerich"]
[Date "2017.12.27"]
[Round "2"]
[White "Pitzanti, Matteo"]
[Black "Burmakin, Vladimir"]
[Result "1/2-1/2"]
[WhiteElo "2243"]
[BlackElo "2526"]
[PlyCount "169"]
[EventDate "2017.12.26"]
[EventType "swiss"]
[EventRounds "7"]
[EventCountry "SUI"]
[SourceTitle "CBM 182 Extra"]
[Source "ChessBase"]
[SourceDate "2018.02.23"]
[SourceVersion "1"]
[SourceVersionDate "2018.02.23"]
[SourceQuality "1"]

1. e4 c6 2. Nc3 g6 3. Nf3 Bg7 4. d4 d6 5. Be2 Nf6 6. 0-0 0-0 7. a4 b6 8. h3 Bb7 9. Be3 a6 10. e5 Nd5 11. Nxd5 cxd5 12. Qd2 Nc6 13. exd6 Qxd6 14. Bf4 Qd8 15. Bh6 Rc8 16. Bxg7 Kxg7 17. Rfe1 Qd6 18. Bf1 Rc7 19. Ne5 a5 20. c3 Nd8 21. f4 Bc8 22. Bd3 f6 23. Nf3 Nf7 24. Re2 Qd8 25. Rae1 Nd6 26. Qc2 e6 27. Qb3 Re7 28. Qa3 Qc7 29. Qa1 Rfe8 30. Qa3 Bb7 31. Nd2 Bc6 32. Qb3 Nf7 33. Nf3 Nd6 34. Nd2 Bd7 35. h4 Nf7 36. f5 Qd6 37. fxe6 Rxe6 38. Rxe6 Rxe6 39. Rxe6 Qxe6 40. Nf1 Nh6 41. Qc2 Ng4 42. Qe2 Qd6 43. Bb5 Bxb5 44. Qxb5 Qe6 45. b4 Qf5 46. Qe2 Kf7 47. bxa5 bxa5 48. Qb2 Qf4 49. Qa2 Kg7 50. Qe2 f5 51. Qf3 Qe4 52. Qg3 Qe7 53. Nd2 Qe3+ 54. Qxe3 Nxe3 55. Nb3 Nc4 56. Kf2 h6 57. Nc5 g5 58. hxg5 hxg5 59. g3 Kf6 60. Nd7+ Ke7 61. Nc5 Nd2 62. Nb7 Ne4+ 63. Kf3 Nxc3 64. Nxa5 Nxa4 65. Nc6+ Ke6 66. Nd8+ Kf6 67. Nc6 Nc3 68. Ke3 Ne4 69. Kf3 Nd6 70. Nb4 Ke6 71. Nd3 Ne4 72. Ne5 Nd2+ 73. Ke2 Nc4 74. Nd3 Na3 75. Nc5+ Kd6 76. Ke3 Nc4+ 77. Kf3 Nd2+ 78. Kg2 Ke7 79. Nd3 Nb3 80. Nb4 Ke6 81. Nc2 f4 82. gxf4 gxf4 83. Kf2 Kf5 84. Nb4 Ke4 85. Nxd5 1/2-1/2

[Event "Rome City op 2nd"]
[Site "Rome"]
[Date "2017.12.04"]
[Round "2"]
[White "Can, Emre"]
[Black "Pitzanti, Matteo"]
[Result "1-0"]
[WhiteElo "2605"]
[BlackElo "2243"]
[PlyCount "63"]
[EventDate "2017.12.03"]
[EventType "swiss"]
[EventRounds "9"]
[EventCountry "ITA"]
[SourceTitle "CBM 182 Extra"]
[Source "ChessBase"]
[SourceDate "2018.02.23"]
[SourceVersion "1"]
[SourceVersionDate "2018.02.23"]
[SourceQuality "1"]

1. Nf3 d5 2. g3 Nf6 3. Bg2 Nbd7 4. c4 e6 5. d4 c6 6. 0-0 Be7 7. Nbd2 0-0 8. Qc2 b6 9. e4 Bb7 10. e5 Ne8 11. cxd5 cxd5 12. Re1 Rc8 13. Qa4 a5 14. Bf1 Nc7 15. Bd3 Ba6 16. Bb1 Na8 17. Qd1 b5 18. Nf1 Nab6 19. h4 Nc4 20. N1h2 a4 21. Qd3 g6 22. h5 a3 23. b3 Nb2 24. Qd2 b4 25. Qh6 Rxc1 26. Rxc1 Qb6 27. Kg2 Nd3 28. Rd1 Nb2 29. hxg6 fxg6 30. Bxg6 hxg6 31. Qxg6+ Kh8 32. Rh1 1-0

[Event "Heusenstamm Sparkassen op-A 4th"]
[Site "Heusenstamm"]
[Date "2017.11.26"]
[Round "6"]
[White "Pitzanti, Matteo"]
[Black "Carlstedt, Jonathan"]
[Result "0-1"]
[WhiteElo "2182"]
[BlackElo "2403"]
[PlyCount "68"]
[EventDate "2017.11.23"]
[EventType "swiss"]
[EventRounds "7"]
[EventCountry "GER"]
[SourceTitle "EXT 2019"]
[Source "ChessBase"]
[SourceDate "2018.10.10"]
[SourceVersion "1"]
[SourceVersionDate "2018.10.10"]
[SourceQuality "1"]

1. d4 Nf6 2. Nf3 d5 3. e3 c5 4. c4 cxd4 5. exd4 g6 6. Nc3 Bg7 7. c5 0-0 8. Be2 b6 9. cxb6 Qxb6 10. 0-0 Nc6 11. Na4 Qb8 12. h3 Bf5 13. Be3 Nb4 14. Ne1 Rc8 15. Nc5 Ne4 16. a3 Nc6 17. Na4 Na5 18. Nd3 Nb3 19. Nb4 Nxa1 20. Qxa1 Qd6 21. Nd3 Qa6 22. Qd1 Qb7 23. b4 Qc6 24. Ndc5 Nd6 25. Qb3 Nb5 26. Rd1 a6 27. Bf3 Rd8 28. Nb2 Rab8 29. a4 Nxd4 30. Bxd4 Bxd4 31. Nxa6 Bxf2+ 32. Kxf2 Qxa6 33. b5 Qb6+ 34. Kf1 Rbc8 0-1

[Event "Heusenstamm Sparkassen op-A 4th"]
[Site "Heusenstamm"]
[Date "2017.11.25"]
[Round "4"]
[White "Pap, Misa"]
[Black "Pitzanti, Matteo"]
[Result "0-1"]
[WhiteElo "2494"]
[BlackElo "2182"]
[PlyCount "84"]
[EventDate "2017.11.23"]
[EventType "swiss"]
[EventRounds "7"]
[EventCountry "GER"]
[SourceTitle "EXT 2019"]
[Source "ChessBase"]
[SourceDate "2018.10.10"]
[SourceVersion "1"]
[SourceVersionDate "2018.10.10"]
[SourceQuality "1"]

1. e4 e5 2. Nf3 Nc6 3. Bc4 Bc5 4. c3 Nf6 5. b4 Bb6 6. d3 d6 7. a4 a5 8. b5 Ne7 9. 0-0 0-0 10. Nbd2 Ng6 11. Bb3 c6 12. Ba3 Re8 13. Nc4 Bc7 14. Ne3 h6 15. Qc2 Nh7 16. Kh1 Qf6 17. Rae1 Nf4 18. Ng1 Bd7 19. g3 Ne6 20. bxc6 bxc6 21. f3 Nd8 22. f4 exf4 23. Rxf4 Qg6 24. Nf3 d5 25. e5 Ne6 26. Rf5 Neg5 27. Nh4 Qh5 28. Qc1 f6 29. exf6 Bxf5 30. Nexf5 Nxf6 31. Ne7+ Kh7 32. Rf1 Qe2 33. Nxc6 Ng4 34. Ng2 Nf2+ 35. Rxf2 Qxf2 36. Bxd5 Re2 37. Nd4 Rae8 38. Nxe2 Rxe2 39. d4 Nf3 40. Qb1+ Kh8 41. Bxf3 Qxf3 42. Qg1 Rf2 0-1

[Event "Heusenstamm Sparkassen op-A 4th"]
[Site "Heusenstamm"]
[Date "2017.11.24"]
[Round "3"]
[White "Pitzanti, Matteo"]
[Black "Milov, Leonid"]
[Result "1-0"]
[WhiteElo "2182"]
[BlackElo "2453"]
[PlyCount "65"]
[EventDate "2017.11.23"]
[EventType "swiss"]
[EventRounds "7"]
[EventCountry "GER"]
[SourceTitle "EXT 2019"]
[Source "ChessBase"]
[SourceDate "2018.10.10"]
[SourceVersion "1"]
[SourceVersionDate "2018.10.10"]
[SourceQuality "1"]

1. d4 d5 2. Nf3 c6 3. e3 Bg4 4. c4 e6 5. Nc3 Nd7 6. Qb3 Qb6 7. Be2 Ngf6 8. 0-0 Be7 9. Bd2 0-0 10. Rfc1 Rfe8 11. Be1 Bf8 12. Qxb6 axb6 13. cxd5 exd5 14. Nd2 Bf5 15. Bd1 b5 16. Bc2 Bxc2 17. Rxc2 Ra7 18. Ne2 Rea8 19. b3 Nb8 20. Nc1 Na6 21. Nd3 Nb4 22. Nxb4 Bxb4 23. Nf3 Bd6 24. Kf1 Ra3 25. Rb2 Ne4 26. g3 b4 27. Ke2 Nc3+ 28. Bxc3 bxc3 29. Rc2 Rxb3 30. axb3 Rxa1 31. Rxc3 Ra2+ 32. Kf1 Bb4 33. Rc1 1-0

[Event "Heusenstamm Sparkassen op-A 4th"]
[Site "Heusenstamm"]
[Date "2017.11.24"]
[Round "2"]
[White "Wolff, Michael"]
[Black "Pitzanti, Matteo"]
[Result "0-1"]
[WhiteElo "1951"]
[BlackElo "2182"]
[PlyCount "64"]
[EventDate "2017.11.23"]
[EventType "swiss"]
[EventRounds "7"]
[EventCountry "GER"]
[SourceTitle "EXT 2019"]
[Source "ChessBase"]
[SourceDate "2018.10.10"]
[SourceVersion "1"]
[SourceVersionDate "2018.10.10"]
[SourceQuality "1"]

1. e4 c6 2. d4 d5 3. f3 e6 4. Nc3 Bb4 5. Bf4 b6 6. Qd3 Ba6 7. Qe3 Bxf1 8. Kxf1 Nf6 9. Nge2 0-0 10. h4 dxe4 11. Nxe4 Nd5 12. Qc1 Nxf4 13. Qxf4 Na6 14. h5 h6 15. Kf2 f5 16. N4c3 Bd6 17. Qc1 e5 18. dxe5 Bxe5 19. f4 Bd6 20. Kf3 Re8 21. Rd1 Qf6 22. Qd2 Bc5 23. g3 Re3+ 24. Qxe3 Bxe3 25. Kxe3 Re8+ 26. Kf3 Qf7 27. Rh1 Nb4 28. Nd4 c5 29. Ndb5 Nxc2 30. Rad1 Qb7+ 31. Kf2 Ne3 32. Nd6 Qg2+ 0-1

[Event "Trieste op 19th"]
[Site "Trieste"]
[Date "2017.09.09"]
[Round "9"]
[White "Doric, Nenad"]
[Black "Pitzanti, Matteo"]
[Result "1/2-1/2"]
[WhiteElo "2256"]
[BlackElo "2124"]
[PlyCount "96"]
[EventDate "2017.09.02"]
[EventType "swiss"]
[EventRounds "9"]
[EventCountry "ITA"]
[SourceTitle "CBM 180 Extra"]
[Source "ChessBase"]
[SourceDate "2017.10.06"]
[SourceVersion "1"]
[SourceVersionDate "2017.10.06"]
[SourceQuality "1"]

1. e4 c6 2. c4 d5 3. cxd5 cxd5 4. exd5 Nf6 5. Nc3 Nxd5 6. Nf3 e6 7. Bc4 Nc6 8. 0-0 Be7 9. Re1 0-0 10. d4 Nxc3 11. bxc3 b6 12. Bd3 Bb7 13. h4 Bxh4 14. Nxh4 Qxh4 15. Re3 g6 16. Rg3 Qe7 17. a4 Rfe8 18. Qh5 f5 19. Qh6 Qf7 20. Bc4 Na5 21. Bb5 Bc6 22. Bf4 Bxb5 23. axb5 Nc4 24. Ra4 e5 25. Bxe5 Nxe5 26. dxe5 Rxe5 27. c4 Rae8 28. Kh2 Re4 29. Rga3 R8e7 30. Qd2 Rh4+ 31. Kg1 Rxc4 32. Qd8+ Re8 33. Qxe8+ Qxe8 34. Rxc4 Qxb5 35. Rc8+ Kg7 36. Rxa7+ Kh6 37. Rh8 Qb1+ 38. Kh2 Qe1 39. Rhxh7+ Kg5 40. Ra2 Qe5+ 41. g3 Qd4 42. Rh4 Qc3 43. Rf4 Kf6 44. Ra6 Qc5 45. Kg1 Qc1+ 46. Kg2 Qc6+ 47. Kg1 Qc1+ 48. Kg2 Qc6+ 1/2-1/2

[Event "Trieste op 19th"]
[Site "Trieste"]
[Date "2017.09.06"]
[Round "6"]
[White "Pitzanti, Matteo"]
[Black "Belli, Giorgio"]
[Result "1/2-1/2"]
[WhiteElo "2124"]
[BlackElo "2226"]
[PlyCount "49"]
[EventDate "2017.09.02"]
[EventType "swiss"]
[EventRounds "9"]
[EventCountry "ITA"]
[SourceTitle "CBM 180 Extra"]
[Source "ChessBase"]
[SourceDate "2017.10.06"]
[SourceVersion "1"]
[SourceVersionDate "2017.10.06"]
[SourceQuality "1"]

1. e4 e5 2. Nf3 Nc6 3. Bc4 Bc5 4. d3 Nf6 5. c3 a6 6. 0-0 Ba7 7. Bb3 d6 8. Nbd2 0-0 9. h3 Be6 10. Re1 h6 11. Nf1 d5 12. exd5 Nxd5 13. Nxe5 Nxe5 14. Rxe5 Bxf2+ 15. Kh1 Ba7 16. Ne3 c6 17. Nxd5 cxd5 18. Re1 Qh4 19. d4 Rae8 20. Bd2 Bxh3 21. gxh3 Qxh3+ 22. Kg1 Qg3+ 23. Kh1 Qh3+ 24. Kg1 Qg3+ 25. Kh1 1/2-1/2

[Event "Trieste op 19th"]
[Site "Trieste"]
[Date "2017.09.05"]
[Round "5"]
[White "Orfini, Nicolo"]
[Black "Pitzanti, Matteo"]
[Result "0-1"]
[WhiteElo "2222"]
[BlackElo "2124"]
[PlyCount "64"]
[EventDate "2017.09.02"]
[EventType "swiss"]
[EventRounds "9"]
[EventCountry "ITA"]
[SourceTitle "CBM 180 Extra"]
[Source "ChessBase"]
[SourceDate "2017.10.06"]
[SourceVersion "1"]
[SourceVersionDate "2017.10.06"]
[SourceQuality "1"]

1. e4 c6 2. d4 d5 3. exd5 cxd5 4. Bd3 Nc6 5. c3 g6 6. Nf3 Nf6 7. Bf4 Bg7 8. h3 0-0 9. 0-0 Re8 10. Re1 Nd7 11. Ne5 f6 12. Nxg6 hxg6 13. Bxg6 Nf8 14. Bxe8 Qxe8 15. Na3 a6 16. Nc2 Qf7 17. Qd2 Ng6 18. Bg3 e5 19. Rad1 Be6 20. Ne3 Rd8 21. Ng4 Bxg4 22. hxg4 Kh7 23. g5 e4 24. Rf1 f5 25. f3 e3 26. Qd3 f4 27. Bh2 Qe7 28. Rde1 Qxg5 29. Kh1 Nce7 30. g3 fxg3 31. Rg1 Nf5 32. Rxe3 Nf4 0-1

[Event "Graz op-A"]
[Site "Graz"]
[Date "2017.02.24"]
[Round "7"]
[White "Eggleston, David"]
[Black "Pitzanti, Matteo"]
[Result "1-0"]
[WhiteElo "2387"]
[BlackElo "2234"]
[PlyCount "119"]
[EventDate "2017.02.20"]
[EventType "swiss"]
[EventRounds "9"]
[EventCountry "AUT"]
[SourceTitle "CBM 177 Extra"]
[Source "ChessBase"]
[SourceDate "2017.04.27"]
[SourceVersion "1"]
[SourceVersionDate "2017.04.27"]
[SourceQuality "1"]

1. e4 c6 2. d4 d5 3. Nc3 dxe4 4. Nxe4 Bf5 5. Ng3 Bg6 6. h4 h6 7. Nf3 Nd7 8. h5 Bh7 9. Bd3 Bxd3 10. Qxd3 e6 11. Bd2 Qc7 12. 0-0-0 Ngf6 13. Ne4 0-0-0 14. g3 Nxe4 15. Qxe4 Nf6 16. Qe2 Bd6 17. c4 c5 18. Bc3 cxd4 19. Nxd4 a6 20. Kb1 Rd7 21. Rc1 Kb8 22. Nf3 Ka8 23. Ne5 Bxe5 24. Bxe5 Qc6 25. f3 Rhd8 26. Rcd1 Ne8 27. b3 f6 28. Bc3 e5 29. f4 exf4 30. gxf4 Rxd1+ 31. Rxd1 Rxd1+ 32. Qxd1 Qe4+ 33. Ka1 Qxf4 34. Qd8+ Qb8 35. Qd7 f5 36. Qxf5 Qd8 37. Qc5 Nf6 38. Bd4 b6 39. Qe5 Kb7 40. Kb2 Qd7 41. Be3 Qe8 42. Qxe8 Nxe8 43. Bd4 Kc6 44. Kc3 Nd6 45. Bxg7 Ne4+ 46. Kd4 Ng3 47. Be5 Nf5+ 48. Ke4 Ne7 49. Bg7 Ng8 50. Kf5 Kc5 51. Kg6 Ne7+ 52. Kxh6 Nf5+ 53. Kg6 Nxg7 54. Kxg7 Kb4 55. h6 Ka3 56. h7 Kxa2 57. h8Q Kxb3 58. Qb8 Kxc4 59. Qxb6 a5 60. Qxa5 1-0

[Event "Graz op-A"]
[Site "Graz"]
[Date "2017.02.21"]
[Round "2"]
[White "Pitzanti, Matteo"]
[Black "Schnider, Gert"]
[Result "0-1"]
[WhiteElo "2234"]
[BlackElo "2419"]
[PlyCount "110"]
[EventDate "2017.02.20"]
[EventType "swiss"]
[EventRounds "9"]
[EventCountry "AUT"]
[SourceTitle "CBM 177 Extra"]
[Source "ChessBase"]
[SourceDate "2017.04.27"]
[SourceVersion "1"]
[SourceVersionDate "2017.04.27"]
[SourceQuality "1"]

1. d4 Nf6 2. Nf3 d5 3. e3 e6 4. Bd3 c5 5. b3 Nc6 6. Nbd2 Bd6 7. 0-0 0-0 8. Bb2 b6 9. a3 Bb7 10. Qe2 Rc8 11. Ne5 Ne7 12. Rfd1 Qc7 13. h3 b5 14. Bxb5 cxd4 15. exd4 Qxc2 16. Rab1 Qc7 17. Bd3 Qb6 18. b4 a5 19. b5 a4 20. Rdc1 Ng6 21. Qd1 Qa5 22. Bf1 Ne4 23. Nxe4 dxe4 24. Nc4 Qd8 25. Qxa4 Bf4 26. Re1 Nh4 27. Qd1 Bb8 28. Nd2 f5 29. Qh5 Ng6 30. g3 Ne7 31. Bg2 Nd5 32. Nf1 f4 33. Qg4 Re8 34. Rbc1 Rxc1 35. Bxc1 f3 36. Bh1 Nf6 37. Qh4 Qxd4 38. Bf4 Ba7 39. Be3 Qc3 40. Rc1 Qxa3 41. Rc7 Bxe3 42. Nxe3 Re7 43. Rxe7 Qxe7 44. Qf4 h6 45. Qb8+ Kh7 46. b6 Qd7 47. Qe5 Qc6 48. Qd4 Nd7 49. Nc4 Qd5 50. Qc3 Qd1+ 51. Kh2 Qe2 52. Kg1 Qd1+ 53. Kh2 Qf1 54. Qc2 Qe2 55. Qd2 Nxb6 0-1

[Event "Olbia CIG U16 24th"]
[Site "Olbia"]
[Date "2016.07.02"]
[Round "9"]
[White "Loiacono, Antonio"]
[Black "Pitzanti, Matteo"]
[Result "1/2-1/2"]
[WhiteElo "2038"]
[BlackElo "2152"]
[PlyCount "75"]
[EventDate "2016.06.26"]
[EventType "swiss"]
[EventRounds "9"]
[EventCountry "ITA"]
[SourceTitle "EXT 2024"]
[Source "ChessBase"]
[SourceDate "2023.10.10"]
[SourceVersion "1"]
[SourceVersionDate "2023.10.10"]
[SourceQuality "1"]

1. e4 c6 2. d4 d5 3. Nc3 dxe4 4. Nxe4 Bf5 5. Ng3 Bg6 6. Nh3 Nf6 7. Nf4 e5 8. Nxg6 hxg6 9. Be3 Nbd7 10. Bc4 Bd6 11. 0-0 0-0 12. c3 Qc7 13. Re1 exd4 14. Bxd4 b5 15. Be2 a6 16. a4 Ne5 17. Qb3 Rfe8 18. Nf1 Ned7 19. axb5 axb5 20. Bf3 Nc5 21. Qc2 Ne6 22. Bxf6 gxf6 23. g3 Bc5 24. Rxa8 Rxa8 25. b4 Bb6 26. Qb3 Kg7 27. Bg2 Rd8 28. c4 c5 29. bxc5 Qxc5 30. Ne3 Nd4 31. Qb2 bxc4 32. Nxc4 Ba7 33. Ne3 Ne6 34. Ra1 Bb8 35. Rc1 Qe5 36. Qxe5 Bxe5 37. Kf1 Rd2 38. Rc2 1/2-1/2

[Event "Olbia CIG U16 24th"]
[Site "Olbia"]
[Date "2016.06.30"]
[Round "7"]
[White "Arena, Ignazio"]
[Black "Pitzanti, Matteo"]
[Result "0-1"]
[WhiteElo "1825"]
[BlackElo "2152"]
[PlyCount "105"]
[EventDate "2016.06.26"]
[EventType "swiss"]
[EventRounds "9"]
[EventCountry "ITA"]
[SourceTitle "EXT 2024"]
[Source "ChessBase"]
[SourceDate "2023.10.10"]
[SourceVersion "1"]
[SourceVersionDate "2023.10.10"]
[SourceQuality "1"]

1. d4 d5 2. c4 e6 3. Nc3 Nf6 4. Bg5 Be7 5. Nf3 0-0 6. e3 h6 7. Bh4 b6 8. cxd5 Nxd5 9. Bxe7 Qxe7 10. Nxd5 exd5 11. Be2 Be6 12. 0-0 Nd7 13. Rc1 c5 14. Ba6 c4 15. Bb5 a6 16. Bxd7 Qxd7 17. Ne5 Qb7 18. Qd2 Rfc8 19. f3 b5 20. Rfe1 Re8 21. Kh1 Bf5 22. f4 f6 23. Nf3 Bd3 24. Kg1 a5 25. Kf2 Qa6 26. g4 Re7 27. Rg1 Rae8 28. Rce1 b4 29. h4 Kh8 30. g5 Rc8 31. Rc1 Rec7 32. Ne1 Be4 33. Qe2 Qe6 34. Qh5 fxg5 35. hxg5 Bg6 36. Qh4 Re8 37. Rg3 h5 38. Rh3 c3 39. b3 Ra7 40. Nc2 Qe4 41. Rf3 Qd3 42. Qh1 Kg8 43. Kg3 Be4 44. Qxh5 g6 45. Qg4 Bxf3 46. Qxf3 Qe4 47. Qf2 Rh7 48. Qf1 Qf5 49. Qg2 Ree7 50. Kf2 Rh5 51. Ne1 Reh7 52. Nf3 Qe4 53. Rc2 0-1

[Event "Olbia CIG U16 24th"]
[Site "Olbia"]
[Date "2016.06.28"]
[Round "4"]
[White "Pitzanti, Matteo"]
[Black "Sonis, Luca"]
[Result "1-0"]
[WhiteElo "2152"]
[BlackElo "1797"]
[PlyCount "91"]
[EventDate "2016.06.26"]
[EventType "swiss"]
[EventRounds "9"]
[EventCountry "ITA"]
[SourceTitle "EXT 2024"]
[Source "ChessBase"]
[SourceDate "2023.10.10"]
[SourceVersion "1"]
[SourceVersionDate "2023.10.10"]
[SourceQuality "1"]

1. e4 e5 2. Nf3 Nc6 3. Bc4 Be7 4. d3 d6 5. c3 Nf6 6. 0-0 0-0 7. Nbd2 Na5 8. Bb5 a6 9. Ba4 b5 10. Bc2 c5 11. Re1 Nc6 12. Nf1 Re8 13. h3 Bf8 14. Ng3 g6 15. Be3 Bg7 16. d4 c4 17. Qd2 Qe7 18. d5 Nb8 19. a4 Bb7 20. Nh2 Nbd7 21. Rf1 Rac8 22. Rae1 Nc5 23. Bh6 bxa4 24. Bxg7 Kxg7 25. Qg5 Kh8 26. f4 Nfd7 27. Qh6 Qf8 28. Qh4 Qg7 29. fxe5 Nxe5 30. Ng4 Nxg4 31. Qxg4 Rcd8 32. Re2 Re7 33. Ref2 Rf8 34. Rf6 a3 35. bxa3 Bc8 36. Qh4 Rd7 37. Qf4 Nb7 38. Ba4 Re7 39. Bc6 Kg8 40. Bxb7 Rxb7 41. Qxd6 Rb3 42. e5 Bxh3 43. gxh3 Rxc3 44. e6 Qh6 45. exf7+ Kg7 46. Nf5+ 1-0

[Event "Olbia CIG U16 24th"]
[Site "Olbia"]
[Date "2016.06.27"]
[Round "3"]
[White "Bonali, Leonardo"]
[Black "Pitzanti, Matteo"]
[Result "0-1"]
[WhiteElo "1667"]
[BlackElo "2152"]
[PlyCount "86"]
[EventDate "2016.06.26"]
[EventType "swiss"]
[EventRounds "9"]
[EventCountry "ITA"]
[SourceTitle "EXT 2024"]
[Source "ChessBase"]
[SourceDate "2023.10.10"]
[SourceVersion "1"]
[SourceVersionDate "2023.10.10"]
[SourceQuality "1"]

1. d4 d5 2. c4 e6 3. Nc3 Nf6 4. Bg5 Be7 5. Nf3 0-0 6. e3 h6 7. Bh4 b6 8. cxd5 exd5 9. Bd3 Bb7 10. 0-0 Nbd7 11. Re1 Ne4 12. Bxe7 Qxe7 13. Rc1 c5 14. dxc5 Nxc3 15. Rxc3 bxc5 16. b3 Nb6 17. Qc2 c4 18. bxc4 dxc4 19. Bxc4 Bxf3 20. gxf3 Rac8 21. Bb3 Qg5+ 22. Kh1 Qf6 23. Rxc8 Qxf3+ 24. Kg1 Rxc8 25. Qd1 Qh3 26. Qd6 Qh5 27. Rd1 Qg4+ 28. Kh1 Qf3+ 29. Kg1 Rc6 30. Qg3 Qe4 31. Rd4 Rc1+ 32. Bd1 Qe6 33. a3 Nc4 34. a4 Ne5 35. Kg2 Qc6+ 36. Bf3 Nxf3 37. Qxf3 Rg1+ 38. Kxg1 Qxf3 39. Rf4 Qe2 40. Kg2 Qc2 41. Kf3 Qc6+ 42. Kg3 Qh1 43. Rd4 Qg1+ 0-1

[Event "Barcelona Sants op 17th"]
[Site "Barcelona"]
[Date "2015.08.21"]
[Round "1"]
[White "Schroeder, Jan Christian"]
[Black "Pitzanti, Matteo"]
[Result "1-0"]
[WhiteElo "2473"]
[BlackElo "2083"]
[PlyCount "83"]
[EventDate "2015.08.21"]
[EventType "swiss"]
[EventRounds "10"]
[EventCountry "ESP"]
[SourceTitle "EXT 2016"]
[Source "ChessBase"]
[SourceDate "2015.10.08"]
[SourceVersion "1"]
[SourceVersionDate "2015.10.08"]
[SourceQuality "1"]

1. d4 d5 2. Nf3 Nf6 3. c4 dxc4 4. e3 e6 5. Bxc4 a6 6. 0-0 b5 7. Bd3 Bb7 8. Qe2 Nbd7 9. a4 b4 10. e4 Be7 11. Nbd2 c5 12. e5 Nd5 13. Nb3 cxd4 14. Bd2 0-0 15. Rfc1 Qb6 16. a5 Qa7 17. Rc4 Rfc8 18. Rxd4 Nc5 19. Nxc5 Rxc5 20. h4 Bc6 21. Ng5 Bxg5 22. hxg5 g6 23. Rh4 Qc7 24. Rc4 Bb7 25. b3 Nc3 26. Qe3 Rxc4 27. Bxc4 Nd5 28. Qe1 Qc6 29. Qe4 Qc5 30. Be3 Qe7 31. Bd2 Nc3 32. Qe1 Ne4 33. Rd1 Rd8 34. Be3 Nxg5 35. Rxd8+ Qxd8 36. Qd2 Qxd2 37. Bxd2 h6 38. Bxb4 Bd5 39. Bxa6 Bxb3 40. Bb7 Bc4 41. a6 Bxa6 42. Bxa6 1-0

[Event "Sardegna Regional-ch"]
[Site "Cagliari"]
[Date "2015.06.01"]
[Round "3"]
[White "Deruda, Leonardo"]
[Black "Pitzanti, Matteo"]
[Result "0-1"]
[WhiteElo "1791"]
[BlackElo "2066"]
[PlyCount "90"]
[EventDate "2015.05.30"]
[EventType "swiss"]
[EventRounds "6"]
[EventCountry "ITA"]
[SourceTitle "EXT 2017"]
[Source "ChessBase"]
[SourceDate "2016.10.25"]
[SourceVersion "1"]
[SourceVersionDate "2016.10.25"]
[SourceQuality "1"]

1. d4 d5 2. Bg5 Nf6 3. e3 e6 4. Nd2 Be7 5. Bd3 0-0 6. Ngf3 b6 7. 0-0 Bb7 8. Ne5 Ne4 9. Bxe7 Qxe7 10. c3 f6 11. Nef3 Nd7 12. Qc2 f5 13. Ne5 Nxe5 14. dxe5 Nxd2 15. Qxd2 Rfd8 16. Qe2 c5 17. Rfd1 Qc7 18. f4 Bc6 19. g4 g6 20. h3 Rd7 21. Rd2 Rad8 22. Rad1 Rf7 23. Bc2 Rfd7 24. Bd3 Qb7 25. Bb5 Bxb5 26. Qxb5 a6 27. Qe2 b5 28. a3 a5 29. b3 Qc6 30. Rc2 Qb6 31. b4 c4 32. Ra2 Ra8 33. Rda1 Rda7 34. Kf2 Rf8 35. Rg1 fxg4 36. hxg4 Rxf4+ 37. Kg3 Re4 38. Re1 Qc7 39. Kh3 Qxe5 40. Qf3 Rf7 41. Qg3 Qxg3+ 42. Kxg3 a4 43. Rae2 Kf8 44. Rg1 h5 45. Kh4 Rf3 0-1